| Tag |
First Indicator |
Second Indicator |
Subfields |
| LEADER |
00000cam a22000001 4500 |
| 001 |
in00000029817 |
| 005 |
20201022101538.0 |
| 008 |
740712s1952 nyu 000 f eng |
| 010 |
|
|
|a 52009547
|
| 035 |
|
|
|a (OCoLC)ocm00944780
|
| 035 |
|
|
|a (OCoLC)00944780
|
| 035 |
|
|
|9 AAD6174AM
|
| 040 |
|
|
|a DLC
|b eng
|c KSU
|d DLC
|d OCLCQ
|d BTCTA
|d OCLCG
|d CRU
|d OCLCQ
|d SFR
|d OCLCQ
|d OCLCF
|d OCLCO
|d OCLCA
|d EXG
|d OCLCO
|d TXA
|
| 035 |
|
|
|a (OCoLC)944780
|
| 043 |
|
|
|a n-us-ny
|
| 050 |
0 |
0 |
|a PZ3.B93702
|b Cr
|
| 050 |
1 |
4 |
|a PS3503.U78
|b C7
|
| 082 |
0 |
4 |
|a F
|
| 090 |
|
|
|a PS3503.U6385
|b C79 1952
|
| 049 |
|
|
|a TXAM
|
| 100 |
1 |
|
|a Burns, John Horne,
|d 1916-1953,
|e author.
|
| 245 |
1 |
2 |
|a A cry of children /
|c John Horne Burns.
|
| 250 |
|
|
|a First edition.
|
| 264 |
|
1 |
|a New York :
|b Harper & Brothers,
|c [1952]
|
| 300 |
|
|
|a 276 pages ;
|c 21 cm
|
| 336 |
|
|
|a text
|b txt
|2 rdacontent
|
| 337 |
|
|
|a unmediated
|b n
|2 rdamedia
|
| 338 |
|
|
|a volume
|b nc
|2 rdacarrier
|
| 500 |
|
|
|a The Cushing Library/Women & Gender Studies copy was acquired as part of The Don Kelly Research Collection of Gay Literature and Culture.
|5 TXA
|
| 650 |
|
0 |
|a Pianists
|v Fiction.
|
| 650 |
|
0 |
|a Man-woman relationships
|v Fiction.
|
| 651 |
|
0 |
|a New York (N.Y.)
|v Fiction.
|
| 650 |
|
7 |
|a Man-woman relationships.
|2 fast
|0 (OCoLC)fst01007080
|
| 650 |
|
7 |
|a Pianists.
|2 fast
|0 (OCoLC)fst01063351
|
| 651 |
|
7 |
|a New York (State)
|z New York.
|2 fast
|0 (OCoLC)fst01204333
|
| 655 |
|
4 |
|a Queer pulps.
|
| 655 |
|
7 |
|a Fiction.
|2 fast
|0 (OCoLC)fst01423787
|
| 655 |
|
7 |
|a Novels.
|2 lcgft
|
| 776 |
0 |
8 |
|i Online version:
|a Burns, John Horne, 1916-1953.
|t Cry of children.
|b [1st ed.].
|d New York, Harper [1952]
|w (OCoLC)565521829
|
| 994 |
|
|
|a C0
|b TXA
|
| 948 |
|
|
|a cataloged
|b h
|c 2020/10/22
|d c
|e nbehmer
|f 10:15:06 am
|
| 999 |
f |
f |
|s 8e6169c8-a028-3331-9868-35ea16a68b40
|i ccf49452-ff44-3601-aa29-72985033c960
|t 0
|
| 952 |
f |
f |
|p ric
|a Texas A&M University
|b Rellis Campus
|c Joint Library Facility
|s JLF
|d Remote Storage
|t 0
|e PS3503.U6385 C79 1952
|h Library of Congress classification
|i unmediated -- volume
|m A14801230702
|
| 998 |
f |
f |
|a PS3503.U6385 C79 1952
|t 0
|l Remote Storage
|